| 000 | 00779nam a2200241 i 4500 | ||
|---|---|---|---|
| 001 | 125189 | ||
| 003 | ES-MaACL | ||
| 005 | 20230906192555.0 | ||
| 007 | t| | ||
| 008 | 070507s1935 sp ||||1| spa d | ||
| 080 | _a860-22"19" | ||
| 100 | 1 |
_aMarco Davó, José. _976478 |
|
| 245 | 1 | 4 |
_aLos gatos _b: comedia en tres actos / _cJosé Marco Davó y José Alfayate ; dibujos de Antonio Merlo. |
| 260 |
_aMadrid : _bRibadeneyra, _c1935. |
||
| 300 |
_a96 p. : _bil. ; _c17 cm. |
||
| 490 | 1 |
_aLa Farsa ; _v424 |
|
| 500 | _aEstrenada en el Teatro Cómico de Madrid el 3 de octubre de 1935. | ||
| 700 | 1 |
_aAlfayate, José. _919832 |
|
| 700 | 1 |
_aMerlo, Antonio. _980579 |
|
| 830 | 0 |
_aLa Farsa ; _v424 _9185863 |
|
| 852 |
_aES-MaACL _j2227-F-5 _bR.140812 |
||
| 999 |
_c125189 _d125189 |
||